| 000 | 01840nam a2200265Ia 4500 | ||
|---|---|---|---|
| 008 | 260220t1961||||xx |||||||||||||| ||spa|| | ||
| 040 |
_aPY-SlUNAC _bspa _erda |
||
| 041 | _aspa | ||
| 082 |
_a547 _bP361q |
||
| 100 |
_aPelaez, Madroñero _eAutor |
||
| 245 | 0 |
_aLa química orgánica en problemas / _cpor Madroñero Pelaez [Autor] y E. F. Alvarez [Autor] |
|
| 250 | _aSegunda edición | ||
| 264 |
_aMadrid : _bAlhambra, _c℗1961. |
||
| 300 | _a1 volumen | ||
| 520 | _a"La química orgánica en problemas" de Pelaez y Madroñero es una obra fundamental que aborda los principios y aplicaciones de la química orgánica a través de una serie de problemas prácticos y ejercicios. El libro está diseñado para facilitar la comprensión de conceptos complejos mediante la resolución de problemas estructurados que abarcan desde reacciones químicas hasta la síntesis de compuestos orgánicos. Los autores presentan una metodología que permite a los estudiantes desarrollar habilidades analíticas y de resolución de problemas, cruciales para su formación académica en química. A lo largo del texto, se incluyen ejemplos ilustrativos y soluciones detalladas que favorecen el aprendizaje autónomo y la práctica continua. Además, el enfoque didáctico del libro promueve la integración de la teoría con la práctica, lo que es esencial para la formación de químicos competentes. En conjunto, esta obra se convierte en una herramienta valiosa tanto para estudiantes como para docentes en el campo de la química orgánica. | ||
| 653 | _aProblemas educativos | ||
| 653 | _aQuímica | ||
| 653 | _aQuímica orgánica | ||
| 700 |
_aAlvarez, E. F. _eAutor |
||
| 942 |
_b2026/02/17 _cBK |
||
| 999 |
_c7943 _d7943 |
||